e-Marketingové metódy v manažmente malých a stredných podnikov

Salvato in:
Dettagli Bibliografici
Autore principale: Dorčák, Peter, 1979-
Natura: Capitolo di libro
Lingua:slovacco
Tags: Aggiungi Tag
Nessun Tag, puoi essere il primo ad aggiungerne!!

MARC

LEADER 00000nla a2200000 4500
001 0226851
005 20240502073735.0
041 0 |a slo 
044 |a SK 
245 1 0 |a e-Marketingové metódy v manažmente malých a stredných podnikov  |c Peter Dorčák 
500 |a Abstrakt 
100 1 |a Dorčák, Peter, 1979-